Land markets and the modern economy (Record no. 107084)
[ view plain ]
| 000 -LEADER | |
|---|---|
| fixed length control field | 01294cam a22002415a 4500 |
| 001 - CONTROL NUMBER | |
| control field | L138253 |
| 008 - FIXED-LENGTH DATA ELEMENTS--GENERAL INFORMATION | |
| fixed length control field | 070524s2007 xxk f 000 0 eng d |
| 035 ## - SYSTEM CONTROL NUMBER | |
| System control number | (Sirsi) u138253 |
| 041 0# - LANGUAGE CODE | |
| Language code of text/sound track or separate title | eng |
| 050 04 - LIBRARY OF CONGRESS CALL NUMBER | |
| Classification number | 333.337 $2 18 |
| 100 1# - MAIN ENTRY--PERSONAL NAME | |
| Personal name | Dale, Peter |
| 110 2# - MAIN ENTRY--CORPORATE NAME | |
| Corporate name or jurisdiction name as entry element | Royal Institution of Chartered Surveyors |
| Subordinate unit | Research |
| 9 (RLIN) | 4902 |
| 245 00 - TITLE STATEMENT | |
| Title | Land markets and the modern economy |
| 260 ## - PUBLICATION, DISTRIBUTION, ETC. | |
| Place of publication, distribution, etc. | London |
| Name of publisher, distributor, etc. | RICS |
| Date of publication, distribution, etc. | 2007 |
| 300 ## - PHYSICAL DESCRIPTION | |
| Extent | 27p. |
| Other physical details | ill. |
| Dimensions | 30cm. |
| 520 ## - SUMMARY, ETC. | |
| Summary, etc. | Identifies key requirements for the development of successful land markets. Describes the circumstances in which land markets appear. Explains how they operate, their parameters, stakeholders and operation. Describes methods of regulation and government control. Describes the need to establish systems to support effective land markets. These include policy and legal frameworks, land registration, social equality, access to valuation facilities, and economic stability. Promotes public/private partnerships where appropriate, and access to land information. Underlines the need for sustainable reform. Offers cautionary tales and case studies. |
| 590 ## - LOCAL NOTE (RLIN) | |
| Local note | KA |
| 651 #4 - SUBJECT ADDED ENTRY--GEOGRAPHIC NAME | |
| Geographic name | England and Wales |
| Chronological subdivision | 1543- |
| 690 ## - LOCAL SUBJECT ADDED ENTRY--TOPICAL TERM (OCLC, RLIN) | |
| Topical term or geographic name as entry element | ENVIRONMENTAL AND LAND CONSULTANCY |
| 700 1# - ADDED ENTRY--PERSONAL NAME | |
| Personal name | Mahoney, Robert |
| 700 1# - ADDED ENTRY--PERSONAL NAME | |
| Personal name | McLaren, Robin |
| 942 ## - ADDED ENTRY ELEMENTS (KOHA) | |
| Suppress in OPAC | 0 |
| Source of classification or shelving scheme | Dewey Decimal Classification |
| Withdrawn status | Lost status | Source of classification or shelving scheme | Damaged status | Not for loan | Home library | Current library | Shelving location | Date acquired | Total Checkouts | Full call number | Barcode | Date last seen | Copy number | Price effective from | Koha item type |
|---|---|---|---|---|---|---|---|---|---|---|---|---|---|---|---|
| Dewey Decimal Classification | London | London | RICS Boxes | 01/06/2007 | RICS 2007/20 | 30073928 | 06/08/2019 | 1 | 06/08/2019 | Archive | |||||
| Dewey Decimal Classification | London | London | RICS Boxes | 01/06/2007 | RICS 2007/20 | 30073929 | 06/08/2019 | 2 | 06/08/2019 | Reference material | |||||
| Dewey Decimal Classification | London | London | RICS Boxes | 01/06/2007 | RICS 2007/20 | 30073930 | 06/08/2019 | 3 | 06/08/2019 | Book |